| 000 | 01076cab a2200205 4500 | ||
|---|---|---|---|
| 001 | ##L133865 | ||
| 008 | 060614n2006 000 0 eng u | ||
| 035 | _a(Sirsi) u133865 | ||
| 041 | 0 | _aeng | |
| 110 | 2 |
_aEuropean Association for Investors in Non-listed Real Estate Vehicles _94954 |
|
| 245 | 0 | 0 | _aINREV unveils corporate governance principles and guidelines |
| 260 | _c2006 | ||
| 490 | 0 | _aINREV Press Releases | |
| 520 | _aNotifies of the publication of INREV's proposed standards for the European non-listed real estate investment industry. The consultation process for INREV members ends on 31 July 2006. The standards are designed to make the sector more transparent, and centre on definitions of terms (for types of funds, key reporting, and yields). Gives contact details for obtaining the full report. (See also L133866). | ||
| 590 | _aIKA200606 | ||
| 651 | 4 | _aEUROPEAN | |
| 690 | _aPROPERTY-PROPERTY FINANCE AND INVESTMENT-PROPERTY INVESTMENT MANAGEMENT | ||
| 856 | 4 | 0 |
_uhttps://www.inrev.org/ _zView the item free of charge at www.inrev.org... |
| 942 | _n0 | ||
| 999 |
_c77234 _d77234 |
||